00293nam a2200109Ia 4500008004100000020001800041082000800059100002800067245002700095260004200122300001900164250803s9999 xx 000 0 und d a9789991572338 aWAH a Binmaa Ibrahim Waheed 0aKommeves eh dhuvahakun aMale MaldivesbNovelty Printersc2014 a230p. ; 21 cm.